Visualizzazione normale
Vista MARC
- Van Sant Gus
di Personal Name
Records bibliografici associati: 3
001 - CONTROL NUMBER
- control field: 53171
003 - CONTROL NUMBER IDENTIFIER
- control field: IT-RoPau
005 - DATE AND TIME OF LATEST TRANSACTION
- control field: 20151203100747.0
008 - FIXED-LENGTH DATA ELEMENTS
- fixed length control field: 151203|| aca||aabn | a|a d
040 ## - CATALOGING SOURCE
- Original cataloging agency: IT-RoPau
- Transcribing agency: IT-RoPau
100 ## - HEADING--PERSONAL NAME
- Personal name: Van Sant Gus
- Relator term: (soggetto)
- Miscellaneous information: Codice Soggetto SPICS: 43739
670 ## - SOURCE DATA FOUND
- Source citation: Work cat.: (IT-RoPau)107687: Van Sant Gus Codice regista SPICS: 43739 53167, ELEPHANT ELEPHANT (Rif. Codice opera principale : H6770)